000 00474nam a22001697a 4500
999 _c27489
_d27489
003 BDDh-ASL
005 20231015030755.0
008 211103s1937 ii ||||| |||| 00| 0 u d
040 _aBDDh-ASL
_cBDDh-ASL
082 _a297.3
_bNAR
100 1 _95687
_aNaqshbandi, Shah Mohammad Ruknuddin
245 1 0 _aRukn-e Deen : / رکن دين
260 _aDelhi :
_bIqbal Printing Works ,
_c1937.
300 _a224 p. :
_c23 cm.
650 0 _91652
_aIslam
942 _2ddc
_cBK